MARC details
| 000 -LEADER |
| campo de control de longitud fija |
03053nam a2200373 i 4500 |
| 001 - NÚMERO DE CONTROL |
| campo de control |
40824 |
| 003 - IDENTIFICADOR DE NÚMERO DE CONTROL |
| campo de control |
ES-MaACL |
| 005 - FECHA Y HORA DE LA ÚLTIMA TRANSACCIÓN |
| campo de control |
20251011063059.0 |
| 007 - CAMPO FIJO DE DESCRIPCIÓN FÍSICA--INFORMACIÓN GENERAL |
| campo de control de longitud fija |
t| |
| 008 - DATOS DE LONGITUD FIJA--INFORMACIÓN GENERAL |
| campo de control de longitud fija |
030307m17791792sp |||| | spa d |
| 100 1# - ENTRADA PRINCIPAL--NOMBRE DE PERSONA |
| Nombre de persona |
Capmany y de Montpalau, Antonio de, |
| Fechas asociadas al nombre |
1742-1813 |
| 9 (RLIN) |
34868 |
| 245 10 - MENCIÓN DEL TÍTULO |
| Título |
Memorias históricas sobre la marina, comercio y artes de la antigua ciudad de Barcelona / |
| Mención de responsabilidad, etc. |
publicadas por disposición y a expensas de la Real Junta y Consulado de Comercio de la misma ciudad y dispuestas por D. Antonio de Capmany y de Montpalau. |
| 260 ## - PUBLICACIÓN, DISTRIBUCIÓN, ETC. |
| Lugar de publicación, distribución, etc. |
Madrid : |
| Nombre del editor, distribuidor, etc. |
en la Imprenta de D. Antonio de Sancha, |
| Fecha de publicación, distribución, etc. |
1779-1792. |
| 300 ## - DESCRIPCIÓN FÍSICA |
| Extensión |
4 v. ([6], XXIV, [2], 185 p., [1] en bl., [2], 260, [2], 148, VI, [2] p. ; [4], XVI, [2], 471 p., [1] en bl., XIII p., [1] en bl., XXX, [2], 124, III p., [1] en bl., [2] p. ; [4], XX, [2], 377 p., [1] en bl., XIX p., [1] en bl. ; [6], XXXIV, 418, 132 [i.e. 139] p., [1] en bl.) : il. ; |
| Dimensiones |
27 cm. |
| 505 8# - NOTA DE CONTENIDO CON FORMATO |
| Nota de contenido con formato |
Contiene: I. [Memorias históricas. Parte primera: Antigua marina. Parte segunda: Del antiguo comercio. Parte tercera: de las antiguas artes] - II. [Colección diplomática de los instrumentos justificativos de las presentes memorias, sacados de varios libros, registros, y códices del Archivo municipal de Barcelona] - III. [Suplemento a las memorias históricas. Parte primera: Antigua marina. Parte segunda: Del antiguo comercio. Parte tercera: Antiguas artes] - IV. [Suplemento a la colección diplomática. Contiene los instrumentos justificativos del tomo III] |
| 530 ## - NOTA DISPONIBLE DE FORMULARIO FÍSICO ADICIONAL |
| Nota de formato físico adicional disponible |
Disponible en formato digital. |
| 596 ## - NOTA AL PIE DE IMPRENTA |
| NOTA AL PIE DE IMPRENTA |
V. I-II (1779) ; V. III-IV (1792) |
| 597 ## - NOTA DE DESCRIPCIÓN FÍSICA |
| NOTA DE DESCRIPCIÓN FÍSICA |
Sign.: [ ]³, A-C4, [ ]¹, A-Z4, 2A¹, A-Z4, 2A-2I4, 2K³, A-S4, T³, ¶4 ; [ ]¹, A-B4, [ ]¹, A-Z4, 2A-2X4, 2Y², 2Z4, 3A-3O4, 3P5, 2A5, a-d4, A-P4, Q², * ; [ ]4, B-C4, A-Z4, 2A-2Z4, 3A-3D4 ; [ ]³, B-E4, A-Z4, 2A-2Z4, 3A-3F4, 3G¹, A-R4, S². |
| 597 ## - NOTA DE DESCRIPCIÓN FÍSICA |
| NOTA DE DESCRIPCIÓN FÍSICA |
Error de paginación en 2ª secuencia del v. IV: de p. 136 pasa a p. 131. |
| 597 ## - NOTA DE DESCRIPCIÓN FÍSICA |
| NOTA DE DESCRIPCIÓN FÍSICA |
Port. de v. I-II a dos tintas, y las 4 port. con grab. calcográficos. |
| 597 ## - NOTA DE DESCRIPCIÓN FÍSICA |
| NOTA DE DESCRIPCIÓN FÍSICA |
Anteportadas y apostillas marginales. |
| 599 ## - NOTA A LAS ILUSTRACIONES |
| NOTA A LAS ILUSTRACIONES |
Las il. son grab. calcográficos firmados por: "Mòles la gravó en Barcelona 1779 Camarón la inventó"; "A. Carnicero invt. F. S. sc" "Montaña lo dibujó Móles lo grabó en Barcelona. 1779" "A. Canicero la invento P.P. Móles la grabó en Barcelona. 1780" |
| 650 #4 - PUNTO DE ACCESO ADICIONAL DE MATERIA--TÉRMINO DE MATERIA |
| Término de materia o nombre geográfico como elemento de entrada |
Marina de guerra- |
| Subdivisión geográfica |
Cataluña. |
| 9 (RLIN) |
153325 |
| 650 #4 - PUNTO DE ACCESO ADICIONAL DE MATERIA--TÉRMINO DE MATERIA |
| Término de materia o nombre geográfico como elemento de entrada |
Comercio- |
| Subdivisión geográfica |
Barcelona. |
| 9 (RLIN) |
153326 |
| 651 #4 - PUNTO DE ACCESO ADICIONAL DE MATERIA--NOMBRE GEOGRÁFICO |
| Nombre geográfico |
Barcelona- |
| Subdivisión general |
Historia. |
| 9 (RLIN) |
7862 |
| 700 1# - ENTRADA AGREGADA--NOMBRE PERSONAL |
| Nombre de persona |
Camarón Bonanat, José, |
| Fechas asociadas al nombre |
1731-1803 |
| 9 (RLIN) |
153327 |
| 700 1# - ENTRADA AGREGADA--NOMBRE PERSONAL |
| Nombre de persona |
Montaña, Pere Pau, |
| Fechas asociadas al nombre |
1749-1803 |
| 9 (RLIN) |
153328 |
| 700 1# - ENTRADA AGREGADA--NOMBRE PERSONAL |
| Nombre de persona |
Moles, Pascual Pedro, |
| Fechas asociadas al nombre |
1741-1797 |
| 9 (RLIN) |
153329 |
| 700 1# - ENTRADA AGREGADA--NOMBRE PERSONAL |
| Nombre de persona |
Carnicero, Antonio. |
| 9 (RLIN) |
35379 |
| 710 2# - ENTRADA AGREGADA--NOMBRE DE ENTIDAD CORPORATIVA |
| Nombre de entidad corporativa o nombre de jurisdicción como elemento de entrada |
Junta de Comercio de Barcelona |
| 9 (RLIN) |
134592 |
| 852 ## - LOCALIZACIÓN |
| Ubicación |
ES-MaACL |
| Número de control de estantería |
R-1897-1900 |
| Nota libre |
- Enc. piel |
| -- |
- Sello con la leyenda: "Inventariado por las Cortes, 1874". Olim: G-13144-47 |
| 856 ## - LOCALIZACIÓN Y ACCESO ELECTRÓNICOS |
| Identificador Uniforme de Recursos |
<a href="http://bdh-rd.bne.es/viewer.vm?pid=d-3209759 ">http://bdh-rd.bne.es/viewer.vm?pid=d-3209759 </a> |
| Nota pública |
Biblioteca Digital Hispánica |